| 000 | 00681nam a2200193 a 4500 | ||
|---|---|---|---|
| 001 | 000039797 | ||
| 005 | 20201002033736.0 | ||
| 008 | 130722s2012 sp 000 0 spa d | ||
| 020 | _a9788497172431 | ||
| 040 |
_aDO-SdBNP _bspa _cBNPHU |
||
| 082 | _axxx | ||
| 100 | 1 |
_aCastany Prado, Bernat _965992 |
|
| 245 | 1 | 0 |
_aQue nada se sabe : _bel escepticismo en la obra de Jorge Luis Borges / _cBernat Castany Prado ; prólogo Fernando Iwasaki. |
| 260 |
_aEspaña : _bUniversidad de Alicante, _c2012. |
||
| 300 |
_a541 p. ; _c18 cm. |
||
| 490 | 1 |
_aCuaderno de América sin nombre _v31 |
|
| 700 | 1 |
_aIwasaki, Fernando, _epról. _965993 |
|
| 830 | 0 |
_aCuaderno de América sin nombre _v31 _963303 |
|
| 999 |
_c39287 _d39287 |
||